[Event "Chigorin Memorial 07th"]
[Site "St Petersburg"]
[Date "1999.11.03"]
[Round "2"]
[White "Kiik, Kalle"]
[Black "Grischuk, Alexander"]
[Result "1/2-1/2"]
[WhiteElo "2438"]
[BlackElo "2549"]
[Annotator "Mikhalevski,V"]
[PlyCount "62"]
[EventDate "1999.11.02"]
[EventType "swiss"]
[EventRounds "9"]
[EventCountry "RUS"]
[SourceTitle "CBM 074"]
[Source "ChessBase"]
[SourceDate "2000.02.01"]
[SourceVersion "1"]
[SourceVersionDate "2000.02.01"]
[SourceQuality "1"]

1. e4 e5 2. Nf3 Nc6 3. Nc3 Nf6 4. d4 exd4 5. Nxd4 Bb4 6. Nxc6 bxc6 7. Bd3 d5 8.
exd5 cxd5 9. O-O O-O 10. Bg5 c6 11. Qf3 h6 {Black forces his opponent to
transfer to the endgame which has drawish tendency where pair of bishops
compensates damaged pawn structure.11...Be7 leads to more compound play.} 12.
Bxf6 Qxf6 13. Qxf6 gxf6 {[%csl Gb4,Gc8,Rf6,Rf7,Rh6]} 14. Ne2 {The critical
position of 11...h6.Black has to choose between 14...Bd6 and 14...Rb8.Despite
14...Bd6 was more popular recently the later one seems to me more flexible as
the bishop can retreat to f8 and to a5 as well as to d6 while rook on b8
occupies the only sensible square.} Rb8 {This move has been known from the
game Spielmann-Rubinshtein,Berlin 1926 where black took initiative on the
early stage of the game.See this game below.} (14... Bd6 15. Ng3 {If white
wants to avoid an exchange of this knight on the black white-squared bishop he
should play this way.} (15. Nd4 {leads to an equal endgame with the bishops of
opposite colour:} c5 16. Nf5 Bxf5 17. Bxf5 Rfe8 18. Rad1 Rad8 19. Bg4 c4 20. b3
Bb4 21. bxc4 dxc4 22. Rxd8 Rxd8 23. Rd1 Rd2 24. Rxd2 Bxd2 $11 {1/2-1/2 Garcia,
G-Onischuk,A/Wijk aan Zee 1996/CBM 52 (36)}) 15... Rb8 16. Rab1 Be5 17. c3 c5
18. f4 Bc7 19. Nh5 Rb6 20. b3 Bg4 21. Ng3 Re8 22. Bf5 Be2 23. Rfe1 Bb5 24. Nh5
$13 {0-1 Kiik,K-Wedberg,T/Skelleftea SWE 1999 (56)}) 15. Rad1 $146 {It wasn't
very simple to make a new move in this position as almost all other sensible
moves has already been played:} (15. Rfd1 Bg4 16. f3 Bc5+ 17. Kh1 Be6 18. b3
Rfd8 19. g4 h5 20. h3 hxg4 21. hxg4 Be3 22. Kg2 c5 23. Ng3 a5 24. Rh1 a4 25.
Rh5 axb3 26. axb3 c4 27. Bh7+ Kg7 28. bxc4 dxc4 29. Nf5+ Bxf5 {West,G-Zaio Win
Lay/Penang 1991/EXT 97/1/2-1/2 (47)}) (15. b3 Re8 16. h3 Re5 17. Rad1 Bc5 18.
c3 Bd7 19. Nd4 a5 20. Nf3 Ree8 21. Rfe1 Ba3 22. Rxe8+ Rxe8 23. c4 Kf8 24. Kf1
Bc5 25. Be2 Be6 26. Nd4 Rc8 27. Nxc6 dxc4 28. Rd8+ Rxd8 29. Nxd8 c3 30. Nxe6+
fxe6 31. Bd3 $11 {Tran Duc Hoa Khanh-Iuldachev,S/Genting Highlands 1998/CBM 63
ext/0-1 (54)}) (15. c3 Bd6 16. b3 c5 17. Rab1 a5 18. Rfd1 Rd8 19. Rd2 Be6 20.
Rbd1 Kg7 21. Bc2 Re8 22. f3 $11 {Grafe,F-Pasalic,M/Dortmund 1995/CBM 48 ext/
0-1 (54)}) (15. Rab1 Re8 16. Nd4 Rb6 17. Nf5 Bxf5 18. Bxf5 {1/2-1/2 Yandemirov,
V-Rublevsky,S/Cheliabinsk 1991/EXT 97 (18)}) (15. Ng3 Ba5 16. Rab1 Re8 17. Nf5
(17. h3 Re5 18. Rfd1 Bc7 19. c4 Be6 20. cxd5 Rxd5 21. Ne4 Be5 22. b4 Rbd8 23.
Be2 Rxd1+ 24. Rxd1 Rxd1+ 25. Bxd1 Bxa2 $17 {0-1 Bykhovsky,A-Klovans,J/Biel
1999 (41)}) 17... Bxf5 18. Bxf5 Re2 $1 {[%csl Rf2]} 19. g4 Rb4 $1 {[%csl Rf2]
[%cal Gb4f4]} 20. Kg2 Rf4 21. Rbd1 h5 22. h3 Bb6 23. Bd3 Rexf2+ 24. Rxf2 Rxf2+
25. Kg3 h4+ 26. Kxh4 Rf3 27. Rh1 Kg7 {[%cal Gg7h6]} 28. Kh5 Re3 29. h4 Re5+ 30.
Bf5 Be3 31. Rf1 d4 32. g5 fxg5 33. hxg5 c5 34. b3 Bd2 35. Rf2 Be1 36. Rf1 Bd2
37. Rf2 Be1 38. Rf1 Bd2 39. Rf2 {1/2-1/2 Spielmann,R-Rubinstein,A/Berlin 1926/
HCL (39)}) 15... Re8 16. c3 Bf8 (16... Ba5 {was also playable}) 17. b3 Re5 {
[%mdl 32] Prophylaxis.Black is covering the f5 square and preparing doubling
of his rooks along the e-file.At the same time Grischuk provokes f4 in order
to get some counterplay making use of the a7-g1 diagonal.} 18. Rfe1 Ba3 {
[%cal Gg8f8] Making the centralizing of the king via f8 possible while bishop
can be useful on a3.} 19. h3 Bd7 20. f4 Ree8 21. Kf2 Kf8 22. Ng3 Bb2 {[%csl
Rc3] That's why I called bishop on a3 useful.} 23. Rxe8+ Rxe8 24. Ne2 a5 25.
Rb1 Ba3 26. Nd4 Bd6 $1 {Important move.Black can't allow exchange of the
white-squared bishops since then damaged pawn structure can play his negative
role.Black has to keep pair of bishops.} (26... c5 {In order to prevent Bf5 is
a blunder as after simple} 27. Nc2 {Black must save his skin with} c4 {but
after} 28. bxc4 dxc4 29. Bxc4 Bc5+ 30. Nd4 $1 {White gives back an extra pawn
and gets clear positional advantage.} Bxd4+ ({or} 30... Re4 31. Kf3) 31. cxd4
Re4 32. Rd1 Rxf4+ 33. Ke3 $16) 27. Bf5 {Despite the hanging pawn White decides
to exchange bishops.Interesting,but not sufficient for obtaining advantage
decision.} ({In case of} 27. g3 c5 28. Nf5 Bxf5 29. Bxf5 $11 {draw is
inevitable}) 27... Bxf5 28. Nxf5 Bxf4 29. Kf3 (29. Rd1 $5 {Standing in the way
of Bd2 and preparing attack of the bishop by means of Kf3.} Re5 $140 30. g4)
29... Re4 ({Or} 29... Bd2 30. c4 Re5 31. g4 $11) 30. g3 Bd2 31. c4 Re5 (31...
Re5 32. g4 {Strong knight on f5 fully compensate lack of a pawn.So draw was
agreed.} (32. Nd4 {is also possible,but White has to be careful} c5 33. Rd1 $1
(33. Nc6 $2 {is strongly met by} Re3+ 34. Kf2 d4 $17 {[%csl Rc6,Gd4]}) 33...
dxc4 34. bxc4 ({Dangerous is} 34. Rxd2 $6 c3 35. Rd3 cxd4 36. Rxd4 Rc5 37. Rd1
c2 38. Rc1 Rc3+) 34... Re3+ 35. Kf2 cxd4 36. Rxd2 Ra3 {with most probable draw.
})) 1/2-1/2

[Event "Chigorin Memorial 07th"]
[Site "St Petersburg"]
[Date "1999.11.05"]
[Round "4"]
[White "Zaitsev, Igor A"]
[Black "Grischuk, Alexander"]
[Result "0-1"]
[WhiteElo "2420"]
[BlackElo "2549"]
[PlyCount "116"]
[EventDate "1999.11.02"]
[EventType "swiss"]
[EventRounds "9"]
[EventCountry "RUS"]
[SourceTitle "CBM 074"]
[Source "ChessBase"]
[SourceDate "2000.02.01"]
[SourceVersion "1"]
[SourceVersionDate "2000.02.01"]
[SourceQuality "1"]

1. e4 c5 2. Nf3 Nc6 3. d4 cxd4 4. Nxd4 Nf6 5. Nc3 d6 6. Bc4 e6 7. Be3 Be7 8.
Qe2 O-O 9. O-O-O a6 10. Rhg1 Nxd4 11. Bxd4 b5 12. e5 dxe5 13. Bxe5 Qa5 14. Bb3
Bb7 15. a3 Rac8 16. Kb1 Rfd8 17. f4 Nd7 18. Bd6 Bxd6 19. Rxd6 Nc5 20. Rxd8+
Rxd8 21. Rd1 Nxb3 22. cxb3 h6 23. b4 Qc7 24. g3 Rxd1+ 25. Qxd1 Qc6 26. Qd8+ Kh7
27. Qd3+ Kg8 28. Qd8+ Kh7 29. Qd3+ f5 30. Qe2 Qh1+ 31. Kc2 Bd5 32. b3 Bf3 33.
Qf2 Bg2 34. Kd3 Qxh2 35. Kd4 Qh1 36. Qe3 Bd5 37. Kc5 Bxb3 38. Kb6 Bc4 39. Qd4
Qa8 40. a4 Bf1 41. a5 Bg2 42. Qd7 Qf3 43. Qxe6 Qxc3 44. Qxf5+ Kg8 45. Qe6+ Kh8
46. f5 Qxg3 47. Kxa6 Qb8 48. Qd7 Qe5 49. Qe6 Qxe6+ 50. fxe6 Kg8 51. Kxb5 h5 52.
Kc5 h4 53. Kd6 h3 54. b5 Bf1 55. b6 Ba6 56. e7 Kf7 57. Kd7 Bb5+ 58. Kd8 h2 0-1

[Event "Chigorin Memorial 07th"]
[Site "St Petersburg"]
[Date "1999.11.06"]
[Round "5"]
[White "Grischuk, Alexander"]
[Black "Vaulin, Alexander"]
[Result "1-0"]
[WhiteElo "2549"]
[BlackElo "2492"]
[Annotator "Ftacnik,L"]
[PlyCount "51"]
[EventDate "1999.11.02"]
[EventType "swiss"]
[EventRounds "9"]
[EventCountry "RUS"]
[SourceTitle "CBM 074"]
[Source "ChessBase"]
[SourceDate "2000.02.01"]
[SourceVersion "1"]
[SourceVersionDate "2000.02.01"]
[SourceQuality "1"]

1. e4 c5 2. Nf3 d6 3. d4 cxd4 4. Nxd4 Nf6 5. Nc3 a6 6. f3 e5 7. Nb3 Be6 8. Be3
Be7 9. Qd2 O-O 10. O-O-O b5 11. Kb1 Nbd7 12. g4 Nb6 13. g5 Nfd7 14. h4 Qc7 15.
h5 (15. Qg2 b4 16. Nd5 Nxd5 17. exd5 Bf5 18. Bd3 Bxd3 19. Rxd3 a5 20. Nd2 a4
21. Ne4 b3 22. cxb3 axb3 23. a3 Qc4 24. Rhd1 Rfc8 25. Rc3 Qb5 {1/2-1/2 Simola,
T-Vatanski,A/FIN/1996/ (33)}) 15... b4 (15... Rfc8 16. g6 b4 17. Nd5 Nxd5 18.
exd5 Bf5 19. gxf7+ Kh8 20. Bd3 Bxd3 21. Qxd3 Rf8 22. Qg6 Bf6 23. Rdg1 Rac8 24.
Bg5 Qd8 25. Nd2 Nc5 26. Nc4 {1-0 Tolnai,T-Kuczynski,R/Stara Zagora/1990/ (34)})
(15... Nc5 16. g6 b4 17. Nd5 Nxd5 18. exd5 Nxb3 19. axb3 Bf5 20. Bd3 Bxd3 21.
Qxd3 Qd7 22. Rdg1 Bf6 23. gxh7+ Kh8 24. Bg5 Qe7 25. Qf5 Bxg5 26. Rxg5 Qf6 27.
h6 {1-0 Tolnai,T-Henriksson,C/Debrecen 1992/EU-chT (27)}) (15... Rab8 16. g6
Nc4 17. Bxc4 bxc4 18. h6 fxg6 19. hxg7 Rf7 20. Nc1 Qb7 21. b3 Rxg7 22. Qg2 Nf6
23. Bg5 Nh5 24. Nd5 Bxg5 25. Qxg5 Rf8 26. Ne2 {1-0 Tolnai,T-Schlosser,P/
Leibnitz/1990/ (44)}) 16. Nd5 Bxd5 $6 {This game excellently illustrates the
dangers connected with giving up white squared bishop.} (16... Nxd5 17. exd5
Bf5 18. Bd3 Bxd3 19. Qxd3 a5 20. g6 h6 $5) 17. exd5 a5 18. Qd3 a4 19. Nd2 a3 (
19... Ra5 20. Qf5 $1 Nxd5 21. Bd3 g6 22. hxg6 Nxe3 23. Qh3 $18) 20. Qf5 $1 {
[%mdl 128] Grischuk plays dangerous move with simple idea to exploit b1-h7
diagonal to the maximum effect.} (20. b3 Ra5) 20... axb2 (20... Nxd5 21. Bd3 (
21. Nc4 Nxe3 22. Nxe3 axb2 23. Bd3 g6 24. hxg6 b3 25. cxb3 Qa7 26. a4 Qxe3 27.
g7 $1 $18) 21... g6 22. hxg6 axb2 (22... Nxe3 23. Qh3 $18) 23. Bd4 Qa5 (23...
exd4 24. Qxd5 Qa5 25. gxf7+ Rxf7 26. Bxh7+ Kg7 27. Be4 $18) 24. Bc4 $18) 21.
Bd3 g6 22. hxg6 Rxa2 $5 (22... Na4 23. Ne4 b3 24. cxb3 $18) (22... fxg6 23.
Qe6+ Rf7 24. Rxh7 $18) (22... hxg6 23. Qh3 $18) 23. c4 (23. gxh7+ Kh8 24. Ne4
Qa7 $19) (23. Kxa2 Ra8+ 24. Kxb2 Qc3+ 25. Kc1 Qa3+ 26. Kb1 Qa1#) 23... Nxd5 (
23... Ra1+ 24. Kxb2 Rxd1 25. Rxh7 $1 Na4+ 26. Kc2 Rxd2+ 27. Kxd2 $18) (23...
bxc3 24. g7 $1 Ra1+ (24... c2+ 25. Bxc2 Ra1+ 26. Kxb2 $18) 25. Kc2 cxd2+ (25...
Rc1+ 26. Kb3 $1 b1=Q+ 27. Nxb1 $18) 26. Kxd2 b1=N+ 27. Bxb1 Nc4+ 28. Ke2 $18)
24. Bd4 $3 {Spectacular position as both kings are nearly mated. White concept
proves to be more sound since black is without white squared bishop.} (24.
gxh7+ Kh8 25. Bd4 Qa7 26. Bxb2 (26. Bxa7 Nc3+ 27. Kc2 b1=Q#) 26... Ne3 27. Qe4
Ra8 $19) 24... Qa7 (24... Nc3+ 25. Bxc3 Ra1+ 26. Kc2 (26. Kxb2 bxc3+ 27. Kc2 (
27. Kxa1 Qa5+ 28. Kb1 Qb4+ $19) 27... Ra2+ 28. Kc1 Qb8 $19) 26... bxc3 27. g7
b1=Q+ 28. Rxb1 Ra2+ 29. Kc1 cxd2+ 30. Kd1 $18) (24... exd4 25. Qxd5 Qa7 26.
gxf7+ (26. gxh7+ Kh8 27. Nb3 Qa4 28. g6 fxg6 29. c5 Nxc5 30. Bc4 Ra1+ 31. Kc2
d3+ 32. Rxd3 Rc1+ 33. Rxc1 (33. Kd2 Bg5+ 34. Qxg5 (34. Ke2 Qe8+) 34... Rxh1 35.
Qxg6 Rh2+ 36. Ke3 Qe8+ $19) 33... bxc1=Q+ 34. Kxc1 Nxd3+ 35. Kb1 Qa8 $19) 26...
Rxf7 27. Bxh7+ Kg7 28. Bf5 Ra1+ 29. Kc2 Qa4+ 30. Nb3 Rc1+ 31. Rxc1 bxc1=Q+ 32.
Kxc1 Bxg5+ $19) 25. g7 $1 {Unless white king gets mated the game is clearly
over.} Ra1+ (25... Nc3+ 26. Bxc3 Ra1+ 27. Kc2 Rc1+ 28. Rxc1 Qa4+ 29. Kxb2 bxc3+
30. Rxc3 Rb8+ 31. Rb3 $18) 26. Kc2 (26. Kc2 Qa4+ (26... b1=Q+ 27. Rxb1 Qa4+ (
27... Ne3+ 28. Bxe3 Qa4+ 29. Kc1 Qa3+ 30. Kd1 $18) 28. Kc1 Rxb1+ 29. Kxb1 $18)
27. Nb3 Rc1+ 28. Rxc1 bxc1=Q+ 29. Kxc1 $18) 1-0

[Event "Chigorin Memorial 07th"]
[Site "St Petersburg"]
[Date "1999.11.09"]
[Round "8"]
[White "Grischuk, Alexander"]
[Black "Najer, Evgeniy"]
[Result "1-0"]
[WhiteElo "2549"]
[BlackElo "2562"]
[Annotator "Psakhis,L"]
[PlyCount "61"]
[EventDate "1999.11.02"]
[EventType "swiss"]
[EventRounds "9"]
[EventCountry "RUS"]
[SourceTitle "CBM 074"]
[Source "ChessBase"]
[SourceDate "2000.02.01"]
[SourceVersion "1"]
[SourceVersionDate "2000.02.01"]
[SourceQuality "1"]

1. e4 e6 2. d4 d5 3. e5 c5 4. c3 Nc6 5. Nf3 Nh6 {Popular move in our days} (
5... Qb6) (5... Bd7 {could be reasonable alternatives}) 6. a3 Nf5 7. b4 cxd4 8.
cxd4 Be7 9. Bb2 O-O ({Deserves attention} 9... f6 {for example} 10. Bd3 fxe5
11. Bxf5 exf5 12. dxe5 O-O 13. O-O Be6 14. b5 Na5 15. Nd4 Qd7 16. Nxe6 Qxe6 17.
Nc3 Rad8 $11 {0-1 Ancheyta,V-Aldama,D/Merida op 1999 (31)}) 10. Bd3 {I suppose,
what White managed to keep small opening advantage.} (10. Nbd2 f6 11. b5 Na5
12. Bd3 fxe5 13. Nxe5 Bd7 14. Bc3 Be8 15. Qa4 b6 $13 {1/2-1/2 Sabol,M-Vanek,P/
CZE Extraliga 1999 (31)}) 10... a6 $146 (10... Bd7 11. O-O Rc8 12. Nc3 Nh4 13.
Nxh4 Bxh4 14. Na4 f5 15. Nc5 Rc7 16. Bb5 Bc8 17. Rc1 $14 {Hartikainen,
M-Linqvist,G/Uusikaupunki 1996/1-0 (42)}) 11. O-O f6 ({In the case of} 11...
Nh4 12. Nbd2 Nxf3+ 13. Nxf3 $36 {white advantage is obvious.}) 12. Bxf5 $5 exf5
13. Nc3 f4 $5 14. Re1 Kh8 15. Qb3 Be6 16. Re2 (16. Na4 $5 $14) 16... f5 (16...
fxe5 $142 $5 17. dxe5 Qd7 $13 {[%cal Gd5d4] leads to rather unclear position})
17. Rc2 Rc8 (17... g5 $5 18. Ne2 Qd7) 18. Na4 b6 {[%csl Rb6,Rc6] Weaken queen,
s side, maybe stronger} (18... g5 $142 $5 {with some chances for active game.})
19. Rac1 Nb8 20. Rxc8 Bxc8 21. b5 $1 a5 (21... axb5 22. Qxb5 Bd7 23. Qb3 Bxa4
24. Qxa4 $18 {[%csl Rd5,Rf4]}) 22. Nc3 (22. Qc2 $5 {[%cal Gc2c7]}) 22... Be6
23. a4 g5 {Better later than never!} 24. Ba3 $1 Rg8 (24... g4 25. Ne1 {[%cal
Gc3e2]}) 25. Ne2 h6 26. Rc3 Qf8 27. h4 $1 {Brilliant move!} Rg7 (27... g4 28.
Nd2 f3 29. Nf4 $18) 28. hxg5 hxg5 29. Nxg5 $1 {Final blow.} Rxg5 30. Nxf4 $18
Bg8 (30... Bd7 31. Bxe7 Qxe7 32. Qxd5 {[%cal Re5e6]}) 31. Rc7 (31. Rc7 Bxa3 32.
Qh3+) 1-0

[Event "EU-chT (Men) 12th"]
[Site "Batumi"]
[Date "1999.12.01"]
[Round "3.4"]
[White "Chernin, Alexander"]
[Black "Grischuk, Alexander"]
[Result "1/2-1/2"]
[WhiteElo "2619"]
[BlackElo "2549"]
[PlyCount "39"]
[EventDate "1999.11.06"]
[EventType "team-swiss"]
[EventRounds "9"]
[EventCountry "GEO"]
[SourceTitle "CBM 074"]
[Source "ChessBase"]
[SourceDate "2000.02.01"]
[SourceVersion "1"]
[SourceVersionDate "2000.02.01"]
[SourceQuality "1"]
[WhiteTeam "Hungary"]
[BlackTeam "Russia"]
[WhiteTeamCountry "HUN"]
[BlackTeamCountry "RUS"]

1. d4 d5 2. c4 e6 3. Nc3 c6 4. e3 f5 5. Qc2 Nf6 6. Bd3 a6 7. Nge2 Bd6 8. f3 O-O
9. Bd2 b6 10. O-O Kh8 11. Rad1 Qc7 12. cxd5 cxd5 13. h3 Nc6 14. a3 Bb7 15. e4
dxe4 16. fxe4 e5 17. Nd5 Nxd5 18. exd5 Nxd4 19. Qxc7 Bxc7 20. Nxd4 1/2-1/2

[Event "EU-chT (Men) 12th"]
[Site "Batumi"]
[Date "1999.12.03"]
[Round "5.4"]
[White "Grischuk, Alexander"]
[Black "Gabriel, Christian"]
[Result "1/2-1/2"]
[WhiteElo "2549"]
[BlackElo "2578"]
[PlyCount "88"]
[EventDate "1999.11.06"]
[EventType "team-swiss"]
[EventRounds "9"]
[EventCountry "GEO"]
[SourceTitle "CBM 074"]
[Source "ChessBase"]
[SourceDate "2000.02.01"]
[SourceVersion "1"]
[SourceVersionDate "2000.02.01"]
[SourceQuality "1"]
[WhiteTeam "Russia"]
[BlackTeam "Germany"]
[WhiteTeamCountry "RUS"]
[BlackTeamCountry "GER"]

1. e4 e5 2. Nf3 Nc6 3. Bb5 a6 4. Ba4 Nf6 5. O-O Be7 6. Re1 b5 7. Bb3 d6 8. c3
O-O 9. h3 Nb8 10. d4 Nbd7 11. Nbd2 Bb7 12. Bc2 Re8 13. a4 Bf8 14. Bd3 c6 15.
Nf1 g6 16. Ng3 Qc7 17. Bg5 Bg7 18. Qd2 Nf8 19. b3 Ne6 20. Be3 Nd7 21. Bf1 Rad8
22. Rab1 Ba8 23. Red1 Qb8 24. Qc2 d5 25. b4 exd4 26. Nxd4 Nf6 27. Nxe6 Rxe6 28.
Bg5 Rc8 29. exd5 cxd5 30. axb5 axb5 31. Qd3 Bc6 32. Be3 Ne4 33. Ne2 Be8 34.
Rbc1 Rec6 35. Bd4 Bxd4 36. Qxd4 Rc4 37. Qe3 Nf6 38. Nd4 R4c7 39. Nf5 Ne4 40.
Nh6+ Kg7 41. Rxd5 Nxc3 42. Nf5+ gxf5 43. Qg5+ Kf8 44. Qh6+ Kg8 1/2-1/2

[Event "EU-chT (Men) 12th"]
[Site "Batumi"]
[Date "1999.12.04"]
[Round "6.4"]
[White "Van der Wiel, John"]
[Black "Grischuk, Alexander"]
[Result "1/2-1/2"]
[WhiteElo "2544"]
[BlackElo "2549"]
[PlyCount "43"]
[EventDate "1999.11.06"]
[EventType "team-swiss"]
[EventRounds "9"]
[EventCountry "GEO"]
[SourceTitle "CBM 074"]
[Source "ChessBase"]
[SourceDate "2000.02.01"]
[SourceVersion "1"]
[SourceVersionDate "2000.02.01"]
[SourceQuality "1"]
[WhiteTeam "Netherlands"]
[BlackTeam "Russia"]
[WhiteTeamCountry "NED"]
[BlackTeamCountry "RUS"]

1. e4 e5 2. Nf3 Nc6 3. d4 exd4 4. Nxd4 Bc5 5. Nxc6 Qf6 6. Qd2 dxc6 7. Nc3 Ne7
8. Qf4 Qe6 9. Be2 O-O 10. O-O Ng6 11. Qg3 Qd6 12. Na4 Bd4 13. Rd1 Qf6 14. Qf3
Re8 15. Qxf6 Bxf6 16. f3 Be5 17. Be3 b6 18. Bd4 Bd6 19. Bf1 f5 20. Bc4+ Kh8 21.
Nc3 Ne5 22. Bf1 1/2-1/2